Los Nuevos tributos municipales / Rafel Martínez-Echevarría ; prólogo: José Ma Martín Delgado José Ma Martín Delgado
ISBN:
84-88030-15-0
Descripción Física:
XLIV, 347 p. ; 23 cm
Colección:
Manuales Jurídico-Financieros
MARC
| LEADER | 00000nam a2200000Ia 4500 | ||
|---|---|---|---|
| 001 | 17455 | ||
| 008 | 160829s1992 xx 000 0 cat d | ||
| 020 | |a 84-88030-15-0 | ||
| 080 | |a D-3-93 | ||
| 100 | |a Martínez-Echevarría, Rafael |9 25057 | ||
| 245 | |a Los Nuevos tributos municipales / Rafel Martínez-Echevarría ; prólogo: |b José Ma Martín Delgado | ||
| 260 | |a Madrid : |b Dykinson, |c 1992 | ||
| 300 | |a XLIV, 347 p. ; |c 23 cm | ||
| 490 | |a Manuales Jurídico-Financieros | ||
| 650 | 0 | |a Impostos locals |z Espanya |9 22277 | |
| 650 | |a Finances locals |x Espanya |9 24153 | ||
| 901 | |a Arxiu | ||
| 942 | |n 1 | ||
| 952 | |0 1 |1 0 |2 udc |4 0 |5 2 |6 D393 |7 1 |9 43428 |a Arxiu |b Arxiu |d 2016-12-01 |l 0 |o D-3-93 |p 17455 |r 2016-12-01 00:00:00 |w 2016-12-01 |y ARXIU | ||
| 999 | |c 45974 |d 45974 | ||